=LDR 00000nam 2200000 4500 =001 INLIS000000000013125 =005 20130612104551 =008 ***********************************Ind** =035 ##$$0010-061300000013125 =041 ##$$a Ind =082 ##$$a 301.07 =090 ##$$a 301.07, Roh p =100 ##$$a Rohman, Arif =245 ##$$a Pengetahuan sosial, Sosiologi kelas VII kurikulum 2004, Arif Rohman =300 ##$$a ...jil, ilus, 28 cm =650 ##$$a Sosiologi - studi dan pengajaran =850 ##$$a NBPNMAT